Damas [juego] /
Guardado en:
| Formato: | Objeto Físico |
|---|---|
| Publicado: |
Argentina :
Green Box,
c2000.
|
| Materias: | |
| Etiquetas: |
Agregar Etiqueta
Sin Etiquetas, Sea el primero en etiquetar este registro!
|
| LEADER | 00684nrm a22001695g 4500 | ||
|---|---|---|---|
| 001 | CEM.cems019324 | ||
| 008 | 130507s2000##################0###0#####d | ||
| 005 | 20220830154535.0 | ||
| 003 | CEMS | ||
| 245 | 0 | 0 | |a Damas [juego] / |c Ruibal |
| 260 | |a Argentina : |b Green Box, |c c2000. | ||
| 300 | |a 1 juego (1 tablero, 15 fichas rojas, 15 fichas negras) ; en caja 27 x 37 x 6 cm. + manual de instrucciones | ||
| 500 | |a Para 2 jugadores a partir de 5 años objetivo: comer todas las fichas del adversario o le impida mover las restantes fichas. | ||
| 082 | 0 | 4 | |a J794.2 |
| 653 | |a 1. juego de damas | ||
| 653 | |a 2. juegos de estrategia tradicional | ||
| 859 | |a CEMS |b BIB. CEMS - Ludoteca |h J794.2 |i R858 |p 396.12 |t Ej.1 | ||
